| 000 | 01066nam0a22002891 4500 | ||
|---|---|---|---|
| 001 | rc\3017561 | ||
| 005 | 20250806201213.0 | ||
| 035 | _a(NLR Aleph) 007159790 | ||
| 090 |
_a19778 _c19778 |
||
| 100 | _a20110926d1944 u y0rusy50 ca | ||
| 101 | 0 | _arus | |
| 102 | _aRU | ||
| 105 | _ay z ||||| | ||
| 200 | 1 |
_aИнструкция главному кондуктору по работе в условиях химического нападения _fНар. ком. путей сообщения |
|
| 205 | _a(2-е изд.) | ||
| 210 |
_a[Москва] _cТрансжелдориздат _d1944 |
||
| 215 |
_a11 с. _d11 см |
||
| 300 | _aВ конце текста: зам. нач. Центр. упр. движения | ||
| 300 | _aБез обл. | ||
| 712 | 0 | 1 |
_aСССР _bЦентральное управление движения _4570 |
| 801 | 0 |
_aRU _bNLR _gpsbo |
|
| 801 | 1 |
_aRU _bELAR _2rusmarc |
|
| 852 |
_aNLR _jВ60 Г-0/93 |
||
| 942 | _cBOOK | ||
| 945 | _aРоссийская национальная библиотека | ||
| 980 | _aNB | ||
| 980 | _aBV | ||